00817nam a2200229 a 4500001001000000005001700010008004100027041000800068044000800076050001300084245008800097260006600185300004400251500006200295500002300357500000800380650006100388902000800449942001100457999001500468952010400483BRCA_583720190320205231.0140311t1945----nyuab####s---#000-0#eng-# aeng anyu 4aG1b.G4610aGeographical Review, October, 1945.cThe American Geographical Society of New York. aNew YorkbThe American Geographical Society of New Yorkc1945 av.XXXV Nº4 160 p.bils., maps.c25 cm. aRevista inventariada como libro por el Banco de México. aVer también Q208 aH9814aGeografía.vPublicación periódicazNew York914781 aGFM 2lcccB c5526d5526 00104070aBRCAbBRCAd2011-03-14iH98l0oG1 .G46 (H98)p6276r2019-03-22 00:00:00w2019-03-22yB